[Event "Berlin-ch Seniors op 30th"]
[Site "Berlin"]
[Date "2014.02.06"]
[Round "8"]
[White "Oppermann, Peter"]
[Black "Mueller, Johannes"]
[Result "1-0"]
[WhiteElo "1789"]
[BlackElo "1694"]
[PlyCount "59"]
[EventDate "2014.01.30"]
[EventType "swiss"]
[EventRounds "9"]
[EventCountry "GER"]
[SourceTitle "EXT 2023"]
[Source "ChessBase"]
[SourceDate "2022.10.05"]
[SourceVersion "1"]
[SourceVersionDate "2022.10.05"]
[SourceQuality "1"]

1. f4 d5 2. Nf3 h5 3. b3 c5 4. Bb2 d4 5. e3 dxe3 6. Bc4 exd2+ 7. Nbxd2 e6 8. Qe2 a6 9. a4 Nf6 10. 0-0 Be7 11. Rad1 Nc6 12. Ne4 Qc7 13. Be5 Nxe5 14. Nxe5 Nxe4 15. Qxe4 Bf6 16. Nf3 g6 17. Rd3 Rb8 18. Re1 b5 19. axb5 axb5 20. Bd5 0-0 21. Bc6 Rb6 22. Ba8 Ba6 23. Ne5 Bxe5 24. fxe5 Qc8 25. Rg3 Kh7 26. Rh3 Qxa8 27. Rxh5+ Kg7 28. Qf4 f5 29. exf6+ Kf7 30. Qc7+ 1-0

[Event "Berlin Lichtenberger op 12th"]
[Site "Berlin"]
[Date "2013.08.21"]
[Round "5"]
[White "Mueller, Johannes"]
[Black "Kuehnemund, Lutz"]
[Result "1/2-1/2"]
[WhiteElo "1835"]
[BlackElo "2044"]
[PlyCount "97"]
[EventDate "2013.08.17"]
[EventType "swiss"]
[EventRounds "9"]
[EventCountry "GER"]
[SourceTitle "CBM 156 Extra"]
[Source "ChessBase"]
[SourceDate "2013.10.22"]
[SourceVersion "1"]
[SourceVersionDate "2013.10.22"]
[SourceQuality "1"]

1. e4 e6 2. d4 d5 3. e5 c5 4. c3 Qb6 5. Nf3 Nc6 6. a3 c4 7. Nbd2 Na5 8. g3 Be7 9. h4 Bd7 10. g4 f6 11. exf6 gxf6 12. g5 0-0-0 13. Bh3 h6 14. g6 h5 15. Qe2 Nh6 16. Rg1 Qd6 17. g7 Rhg8 18. Nxc4 Nxc4 19. Bxh6 e5 20. Bxd7+ Rxd7 21. Rg6 e4 22. Ng1 Qh2 23. b3 Nxa3 24. b4 Nc4 25. Qxh5 Nb2 26. Be3 Nd3+ 27. Kf1 Kb8 28. Qg4 Rdd8 29. Qg3+ Qxg3 30. fxg3 Rd7 31. h5 Bxb4 32. h6 Bxc3 33. Ra3 Bb4 34. Rxd3 exd3 35. h7 Rdd8 36. Nf3 a5 37. Bd2 Bxd2 38. Nxd2 a4 39. Ke1 b5 40. Nb1 b4 41. Kd2 a3 42. Nxa3 bxa3 43. hxg8Q Rxg8 44. Kxd3 a2 45. Rxf6 Rxg7 46. Rf1 Rxg3+ 47. Kc2 Kc7 48. Ra1 Kc6 49. Rxa2 1/2-1/2

[Event "Berlin Lichtenberger op 11th"]
[Site "Berlin"]
[Date "2012.08.19"]
[Round "2"]
[White "Lauridsen, Jesper Morch"]
[Black "Mueller, Johannes"]
[Result "1-0"]
[WhiteElo "2249"]
[BlackElo "1896"]
[PlyCount "41"]
[EventDate "2012.08.18"]
[EventType "swiss"]
[EventRounds "9"]
[EventCountry "GER"]
[SourceTitle "CBM 150 Extra"]
[Source "ChessBase"]
[SourceDate "2012.10.19"]
[SourceVersion "1"]
[SourceVersionDate "2012.10.19"]
[SourceQuality "1"]

1. e4 c6 2. d4 d5 3. exd5 cxd5 4. c4 Nf6 5. Nc3 e6 6. Nf3 Be7 7. cxd5 Nxd5 8. Bd3 a6 9. 0-0 b5 10. Nxd5 Qxd5 11. Re1 Bb7 12. Be4 Qd7 13. Ne5 Qc8 14. Qf3 Bxe4 15. Qxf7+ Kd8 16. Qxg7 Rf8 17. Bg5 Re8 18. Bxe7+ Rxe7 19. Qf8+ Re8 20. Qd6+ Nd7 21. Nf7# 1-0

[Event "Berlin-ch Seniors op 27th"]
[Site "Berlin"]
[Date "2011.02.03"]
[Round "6"]
[White "Mueller, Johannes"]
[Black "Schroeder, Wolfgang1111"]
[Result "0-1"]
[WhiteElo "1682"]
[BlackElo "1547"]
[PlyCount "64"]
[EventDate "2011.01.29"]
[EventType "swiss"]
[EventRounds "9"]
[EventCountry "GER"]
[SourceTitle "EXT 2012"]
[Source "ChessBase"]
[SourceDate "2011.11.24"]
[SourceVersion "1"]
[SourceVersionDate "2011.11.24"]
[SourceQuality "1"]

1. e4 c5 2. Nc3 Nc6 3. g3 e6 4. Bg2 g6 5. d3 Bg7 6. Nge2 Nge7 7. 0-0 0-0 8. f4 d5 9. h3 Rb8 10. a3 b5 11. Qe1 Nd4 12. Nxd4 Bxd4+ 13. Kh2 f5 14. e5 Qb6 15. Ne2 c4 16. Nxd4 Qxd4 17. Be3 Qxb2 18. Qd2 d4 19. Bf2 Qc3 20. Qxc3 dxc3 21. dxc4 bxc4 22. Bxa7 Rb2 23. Rfc1 Rd8 24. Rd1 Rd2 25. Be3 Rdxc2 26. Rd8+ Kf7 27. Rxc8 Rxg2+ 28. Kh1 Nxc8 29. Rd1 Ne7 30. Bc5 Nd5 31. a4 c2 32. Rc1 Rd2 0-1

[Event "Berlin-ch Seniors op 26th"]
[Site "Berlin"]
[Date "2010.02.09"]
[Round "1"]
[White "Mueller, Johannes"]
[Black "Schulz, Manfred"]
[Result "1-0"]
[WhiteElo "1792"]
[BlackElo "1496"]
[PlyCount "145"]
[EventDate "2010.02.09"]
[EventType "swiss"]
[EventRounds "9"]
[EventCountry "GER"]
[SourceTitle "EXT 2012"]
[Source "ChessBase"]
[SourceDate "2011.11.24"]
[SourceVersion "1"]
[SourceVersionDate "2011.11.24"]
[SourceQuality "1"]

1. e4 c5 2. Nc3 e6 3. g3 d5 4. Bg2 dxe4 5. Nxe4 Nf6 6. d3 Nxe4 7. Bxe4 Be7 8. Be3 Qc7 9. Qh5 Nd7 10. Bg2 Nf6 11. Qe2 Nd5 12. Bd2 Bd7 13. Nh3 h6 14. 0-0 Bc6 15. c3 Nf6 16. f3 Rd8 17. Rad1 Qb6 18. Bc1 Qa6 19. a3 Bb5 20. Nf2 0-0 21. Rfe1 Rd7 22. Qc2 Rfd8 23. Bf1 c4 24. dxc4 Bxc4 25. Bg2 Bc5 26. Rxd7 Rxd7 27. Kh1 Qb6 28. Ne4 Nxe4 29. fxe4 Bb3 30. Qe2 e5 31. Bh3 Be6 32. Bg2 Qd8 33. b4 Be7 34. c4 b6 35. Bf1 Bg5 36. c5 Bxc1 37. Rxc1 Rd2 38. Qe3 bxc5 39. bxc5 Qd4 40. Qxd4 Rxd4 41. c6 Bc8 42. Rb1 Rd6 43. Rb8 Rxc6 44. Bh3 Rc1+ 45. Kg2 Rc2+ 46. Kf3 Rc3+ 47. Ke2 Rxa3 48. Bxc8 g6 49. Be6+ Kg7 50. Rb7 Kf6 51. Bxf7 Ra4 52. Bd5 a5 53. h4 g5 54. Rf7+ Kg6 55. Rf5 gxh4 56. gxh4 Ra3 57. h5+ Kg7 58. Rxe5 a4 59. Re7+ Kf6 60. Rf7+ Kg5 61. Rf5+ Kh4 62. Bf7 Rg3 63. Rf1 a3 64. e5 Rc3 65. e6 Rc7 66. Ke3 a2 67. Ke4 Ra7 68. Ra1 Kg5 69. Ke5 Ra5+ 70. Kd6 Kf6 71. Rf1+ Kg5 72. e7 Ra6+ 73. Kc5 1-0

[Event "Berlin Hellersdorf op"]
[Site "Berlin"]
[Date "2010.01.10"]
[Round "5"]
[White "Mueller, Johannes"]
[Black "Schmidt, Tobias"]
[Result "1-0"]
[WhiteElo "1807"]
[BlackElo "1554"]
[PlyCount "63"]
[EventDate "2010.01.08"]
[EventType "swiss"]
[EventRounds "5"]
[EventCountry "GER"]
[SourceTitle "EXT 2012"]
[Source "ChessBase"]
[SourceDate "2011.11.24"]
[SourceVersion "1"]
[SourceVersionDate "2011.11.24"]
[SourceQuality "1"]

1. e4 c5 2. Nc3 Nc6 3. g3 g6 4. Bg2 Bg7 5. d3 e6 6. f4 Nge7 7. Nf3 0-0 8. 0-0 d5 9. h3 Rb8 10. Qe2 Nd4 11. Nxd4 cxd4 12. Nd1 Nc6 13. g4 dxe4 14. dxe4 f5 15. gxf5 exf5 16. e5 Be6 17. c4 Rc8 18. Nf2 Qb6 19. b3 Rfd8 20. Nd3 Nb4 21. h4 a5 22. Rf3 Rd7 23. Rh3 h5 24. Rg3 Kh7 25. Kh2 Nc6 26. Ba3 Qd8 27. Kh3 Kh6 28. Bf3 Qe8 29. Rag1 Bh8 30. Bd6 Rg7 31. Rg5 Qf7 32. Qf2 1-0

[Event "GER-ch U25 op"]
[Site "Willingen"]
[Date "2008.05.17"]
[Round "9"]
[White "Mueller, Johannes"]
[Black "Zuferi, Enis"]
[Result "1/2-1/2"]
[WhiteElo "1719"]
[BlackElo "1462"]
[PlyCount "67"]
[EventDate "2008.05.11"]
[EventType "swiss"]
[EventRounds "9"]
[EventCountry "GER"]
[SourceTitle "CBM 124 Extra"]
[Source "ChessBase"]
[SourceDate "2008.07.03"]
[SourceVersion "1"]
[SourceVersionDate "2008.07.03"]
[SourceQuality "1"]

1. e4 d5 2. exd5 Nf6 3. Nc3 Nxd5 4. Nxd5 Qxd5 5. Nf3 Bg4 6. Be2 e6 7. d4 Be7 8. 0-0 0-0 9. h3 Bh5 10. c4 Qd8 11. b3 Bf6 12. Bb2 Nc6 13. Rb1 Bg6 14. Bd3 Bxd3 15. Qxd3 a5 16. a3 Ne7 17. Rfd1 c6 18. Ne5 Ng6 19. Nxg6 hxg6 20. d5 cxd5 21. cxd5 exd5 22. Bxf6 Qxf6 23. Qxd5 b6 24. Qb5 Rfd8 25. a4 Rxd1+ 26. Rxd1 Rd8 27. Rxd8+ Qxd8 28. Qc4 Qd1+ 29. Kh2 Qd6+ 30. g3 Kf8 31. Kg2 Ke7 32. Qe4+ Kd7 33. Qb7+ Ke6 34. Qe4+ 1/2-1/2

[Event "GER-ch U25 op"]
[Site "Willingen"]
[Date "2008.05.12"]
[Round "3"]
[White "Mueller, Johannes"]
[Black "Lang, Stephan"]
[Result "1-0"]
[WhiteElo "1719"]
[BlackElo "1451"]
[PlyCount "77"]
[EventDate "2008.05.11"]
[EventType "swiss"]
[EventRounds "9"]
[EventCountry "GER"]
[SourceTitle "CBM 124 Extra"]
[Source "ChessBase"]
[SourceDate "2008.07.03"]
[SourceVersion "1"]
[SourceVersionDate "2008.07.03"]
[SourceQuality "1"]

1. e4 c6 2. d4 d5 3. Nc3 dxe4 4. Nxe4 Bf5 5. Ng3 Bg6 6. h4 h5 7. Nf3 Nd7 8. Bd3 Bxd3 9. Qxd3 Ngf6 10. 0-0 e6 11. Ne4 Nxe4 12. Qxe4 Bd6 13. Bg5 Qc7 14. c4 Be7 15. Bxe7 Kxe7 16. Rad1 Rad8 17. Rfe1 Nf6 18. Qe3 Qd6 19. Ne5 Rhe8 20. Qb3 b6 21. Qa4 Kf8 22. Qxa7 Re7 23. Qxb6 Rc7 24. c5 Qe7 25. Nxc6 Rxc6 26. Qxc6 Nd5 27. g3 Qa7 28. a3 Qb8 29. b4 Nc3 30. Rd3 Nb5 31. Red1 Nc7 32. a4 Nd5 33. Qb5 Nxb4 34. Qxb8 Rxb8 35. Rb3 Nc6 36. Rxb8+ Nxb8 37. d5 exd5 38. Rxd5 Ke7 39. Rxh5 1-0

[Event "GER-ch U25 op"]
[Site "Willingen"]
[Date "2008.05.11"]
[Round "1"]
[White "Mueller, Johannes"]
[Black "Lang, Jan Hendrik"]
[Result "1-0"]
[WhiteElo "1719"]
[BlackElo "982"]
[PlyCount "71"]
[EventDate "2008.05.11"]
[EventType "swiss"]
[EventRounds "9"]
[EventCountry "GER"]
[SourceTitle "CBM 124 Extra"]
[Source "ChessBase"]
[SourceDate "2008.07.03"]
[SourceVersion "1"]
[SourceVersionDate "2008.07.03"]
[SourceQuality "1"]

1. e4 e5 2. Nf3 Nc6 3. d4 d6 4. dxe5 Bg4 5. exd6 Qxd6 6. Qxd6 Bxd6 7. Be2 0-0-0 8. Nc3 Nf6 9. Be3 Be5 10. Ng5 Rd7 11. f3 Bxc3+ 12. bxc3 h6 13. fxg4 hxg5 14. Bf3 Ne5 15. Bxg5 Nfxg4 16. Bxg4 Nxg4 17. h3 Ne5 18. 0-0 f6 19. Bf4 Re8 20. Rad1 a6 21. Rxd7 Nxd7 22. Re1 Nc5 23. e5 g5 24. Bg3 f5 25. Bf2 Ne4 26. g4 Nxf2 27. Kxf2 f4 28. Kf3 Kd7 29. h4 gxh4 30. Kxf4 Ke6 31. g5 Rf8+ 32. Kg4 h3 33. Kxh3 Rf4 34. g6 Ke7 35. g7 Kf7 36. e6+ 1-0

[Event "GER-ch U25"]
[Site "Willingen"]
[Date "2007.05.29"]
[Round "5"]
[White "Mueller, Johannes"]
[Black "Eggert, Andre"]
[Result "1-0"]
[WhiteElo "1612"]
[BlackElo "972"]
[PlyCount "93"]
[EventDate "2007.05.26"]
[EventType "swiss"]
[EventRounds "9"]
[EventCountry "GER"]
[SourceTitle "CBM 118 Extra"]
[Source "ChessBase"]
[SourceDate "2007.07.04"]
[SourceVersion "1"]
[SourceVersionDate "2007.07.04"]
[SourceQuality "1"]

1. e4 d5 2. exd5 Qxd5 3. Nc3 Qa5 4. d4 Nf6 5. Bd2 c6 6. Nf3 Bg4 7. Be2 e6 8. 0-0 Bb4 9. h3 Bh5 10. Ne5 Bxe2 11. Qxe2 0-0 12. a3 Bxc3 13. Bxc3 Qc7 14. Bb4 Rd8 15. Rad1 Nbd7 16. c4 Nxe5 17. dxe5 Ne8 18. Qe3 h6 19. Qc5 Kh7 20. Qe7 Qxe7 21. Bxe7 Rxd1 22. Rxd1 Rc8 23. f4 a6 24. Bd8 f5 25. Rd7 b5 26. c5 Ra8 27. b4 Kg6 28. Bb6 Kh5 29. Re7 Kh4 30. Rxe6 Kg3 31. Rxc6 Kxf4 32. Re6 Ke4 33. Re7 Kd5 34. Kf2 g5 35. Ke3 Rc8 36. Ba5 Kc6 37. Kd4 Nc7 38. Bxc7 Rxc7 39. Rxc7+ Kxc7 40. Kd5 h5 41. c6 g4 42. e6 gxh3 43. gxh3 f4 44. e7 f3 45. e8Q f2 46. Qd7+ Kb8 47. Qb7# 1-0

[Event "GER-ch U25"]
[Site "Willingen"]
[Date "2007.05.29"]
[Round "6"]
[White "Schwarzat, Julian"]
[Black "Mueller, Johannes"]
[Result "1/2-1/2"]
[WhiteElo "1896"]
[BlackElo "1612"]
[PlyCount "71"]
[EventDate "2007.05.26"]
[EventType "swiss"]
[EventRounds "9"]
[EventCountry "GER"]
[SourceTitle "CBM 118 Extra"]
[Source "ChessBase"]
[SourceDate "2007.07.04"]
[SourceVersion "1"]
[SourceVersionDate "2007.07.04"]
[SourceQuality "1"]

1. e4 c6 2. d4 d5 3. exd5 cxd5 4. Bd3 Nf6 5. c3 Nc6 6. Bf4 e6 7. Nf3 Bd6 8. Bxd6 Qxd6 9. Nbd2 0-0 10. 0-0 Bd7 11. Re1 Rac8 12. Ne5 Qc7 13. Ndf3 h6 14. Qd2 Nxe5 15. Nxe5 Qb6 16. Nxd7 Nxd7 17. Re3 a6 18. Rae1 Qc7 19. Rg3 Nf6 20. Re5 Kh8 21. f3 Ng8 22. Rh3 Rce8 23. g4 f5 24. gxf5 exf5 25. Rxd5 f4 26. Rc5 Qd6 27. Rhh5 Nf6 28. Rhe5 Nd7 29. Rxe8 Rxe8 30. Rf5 Re3 31. Kf2 Nf6 32. Rc5 g5 33. Bf5 h5 34. h3 b6 35. Rc8+ Kg7 36. c4 1/2-1/2

[Event "GER-ch U25"]
[Site "Willingen"]
[Date "2007.05.28"]
[Round "4"]
[White "Werner, Patrick2222"]
[Black "Mueller, Johannes"]
[Result "1-0"]
[WhiteElo "1714"]
[BlackElo "1612"]
[PlyCount "43"]
[EventDate "2007.05.26"]
[EventType "swiss"]
[EventRounds "9"]
[EventCountry "GER"]
[SourceTitle "CBM 118 Extra"]
[Source "ChessBase"]
[SourceDate "2007.07.04"]
[SourceVersion "1"]
[SourceVersionDate "2007.07.04"]
[SourceQuality "1"]

1. e4 c6 2. d4 d5 3. e5 Bf5 4. Nc3 e6 5. g4 Bg6 6. Nge2 Bb4 7. Nf4 Ne7 8. h4 h6 9. Bd3 Bxd3 10. Qxd3 Nd7 11. a3 Ba5 12. b4 Bc7 13. Qf3 b6 14. Nh5 Rg8 15. Be3 a5 16. b5 cxb5 17. Nxb5 Nc8 18. g5 Na7 19. gxh6 gxh6 20. Nxa7 Rxa7 21. Bxh6 Qb8 22. Ng7+ 1-0

[Event "GER-ch U25"]
[Site "Willingen"]
[Date "2007.05.27"]
[Round "2"]
[White "Zentgraf, Robert"]
[Black "Mueller, Johannes"]
[Result "1-0"]
[WhiteElo "2110"]
[BlackElo "1612"]
[PlyCount "101"]
[EventDate "2007.05.26"]
[EventType "swiss"]
[EventRounds "9"]
[EventCountry "GER"]
[SourceTitle "CBM 118 Extra"]
[Source "ChessBase"]
[SourceDate "2007.07.04"]
[SourceVersion "1"]
[SourceVersionDate "2007.07.04"]
[SourceQuality "1"]

1. e4 c6 2. d4 d5 3. exd5 cxd5 4. c4 Nc6 5. Nc3 dxc4 6. Nf3 e6 7. Bxc4 a6 8. 0-0 Nf6 9. a3 Bd6 10. Re1 0-0 11. Bg5 h6 12. Bh4 Be7 13. Qd2 Re8 14. Rad1 Bd7 15. Ne5 Qc7 16. Ba2 Rad8 17. Nc4 Ng4 18. Bg3 e5 19. dxe5 Be6 20. Qe2 Nd4 21. Qe4 Qc5 22. b4 Qa7 23. h3 f5 24. exf6 Nxf6 25. Qe3 Bf7 26. Be5 Nc6 27. Qxa7 Nxa7 28. Bxf6 Bxf6 29. Rxe8+ Rxe8 30. Nd5 Kf8 31. Nd6 Bxd5 32. Bxd5 Rd8 33. Nxb7 Rd7 34. Nc5 Rd6 35. Bf3 Rxd1+ 36. Bxd1 Bb2 37. a4 a5 38. b5 Ba3 39. Ne6+ Kf7 40. Bb3 Kf6 41. Nd8 Nc8 42. Nc6 Bb4 43. Nxb4 axb4 44. a5 Ke7 45. b6 Kd7 46. b7 Kc7 47. bxc8Q+ Kxc8 48. Kf1 Kb7 49. Bc4 b3 50. Bxb3 Ka6 51. Ke2 1-0

[Event "Stuttgart-chB int"]
[Site "Gerlingen"]
[Date "2007.05.17"]
[Round "2"]
[White "Mueller, Johannes"]
[Black "Gibicar, Danijel"]
[Result "1/2-1/2"]
[WhiteElo "1612"]
[BlackElo "1254"]
[PlyCount "54"]
[EventDate "2007.05.17"]
[EventType "swiss"]
[EventRounds "7"]
[EventCountry "GER"]
[SourceTitle "EXT 2018"]
[Source "ChessBase"]
[SourceDate "2017.10.13"]
[SourceVersion "1"]
[SourceVersionDate "2017.10.13"]
[SourceQuality "1"]

1. e4 e5 2. Nf3 Nf6 3. Nc3 Bb4 4. d3 0-0 5. Bd2 Nc6 6. Be2 Re8 7. 0-0 Bxc3 8. Bxc3 d5 9. exd5 Nxd5 10. Qd2 Bg4 11. h3 Bh5 12. Rfe1 Nxc3 13. Qxc3 Nd4 14. Nxd4 exd4 15. Qd2 Bxe2 16. Rxe2 Qd7 17. Rae1 h6 18. Re4 Rxe4 19. Rxe4 Re8 20. Qe2 Rxe4 21. Qxe4 c6 22. Kf1 Kf8 23. Qe5 b6 24. Qb8+ Ke7 25. Qe5+ Kf8 26. Qb8+ Ke7 27. Qe5+ Kf8 1/2-1/2